000
00207nam a22000977a 4500
008
230826b |||||||| |||| 00| 0 eng d
041
_a
eng
245
_a
Anubhav
650
_a
Sociology
_9
119052
942
_c
JN
999
_c
355933
_d
355933